| 000 | 00590nam a22001817a 4500 | ||
|---|---|---|---|
| 005 | 20251108171755.0 | ||
| 008 | 250721s1988 xx 000 0 ara d | ||
| 082 | 1 | 4 | _aط/001.64/لوي |
| 100 | 1 | _aلويس، جون | |
| 245 | 1 | 0 | _aمدخل إلى حاسبات الجيب / |
| 264 | 1 |
_aبيروت : _bالمؤسسة العربية للدراسات و النشر، _c1988. |
|
| 300 | _a48ص | ||
| 490 | 0 | _aسلسلة أوسبورن | |
| 650 | 1 | 7 | _aالحاسبات الألكترونية |
| 700 | 1 |
_aسعيدان، أحمد سليم _eترجمة |
|
| 942 |
_2ddc _cBK |
||
| 999 |
_c62172 _d62172 |
||